Counties of Missouri (Map) Quiz Stats

 Plays Quiz not verified by Sporcle

Challenge
Share
Tweet
Score 0/115 Timer 13:00
0 Plays Today
% Correct
St.
Louis
95.4%
St. Louis City
95.1%
Jackson
94.1%
Jefferson
93.2%
Clay
90.6%
Washington
90.6%
Lincoln
90.2%
Franklin
88.3%
St.
Charles
88%
Clark
87.7%
Johnson
87.7%
Monroe
87.5%
Boone
87.4%
Madison
87%
Mississippi
86.6%
Greene
86.1%
Cape
Girardeau
86%
Buchanan
85.8%
Lewis
85.1%
Cass
84.8%
Platte
84.6%
Ozark
84.2%
Jasper
84.2%
Texas
84.1%
Marion
83.9%
Warren
83.7%
Atchison
83.7%
Polk
83.5%
Mont-
gomery
83.3%
Pike
83.2%
Sainte
Genevieve
83.1%
Scott
82.3%
Clinton
82.3%
New Madrid
81.9%
Osage
81.8%
Harrison
81.6%
Lafayette
80.9%
Perry
80.8%
Newton
80.7%
% Correct
Cole
80.2%
McDonald
79.9%
Christian
79.9%
Nodaway
79.2%
St.
Francois
79.2%
Wayne
79.1%
Knox
79.1%
Stone
79%
Carroll
78.9%
DeKalb
78.9%
Andrew
78.9%
Putnam
78.3%
Pulaski
78.2%
Butler
78%
Callaway
78%
Gasc-
onade
77.8%
Ray
77.8%
Audrain
77.7%
Iron
77.7%
Henry
77.7%
Shelby
77.7%
Crawford
77.5%
Oregon
77.4%
Randolph
77.4%
Worth
77.4%
Benton
77.3%
Holt
77.2%
Lawrence
77.1%
Adair
76.9%
Howard
76.8%
Taney
76.8%
Douglas
76.8%
Dunklin
76.8%
Pemiscot
76.7%
Morgan
76.4%
Ralls
76.3%
Scotland
76.3%
Bates
76%
Macon
75.8%
% Correct
Miller
75.6%
Saline
75.5%
Vernon
75.5%
Barton
75.4%
Phelps
75.4%
Dallas
75.3%
Schuyler
75.2%
Webster
75.1%
Saint Clair
75%
Daviess
74.2%
Grundy
73.7%
Carter
73.3%
Laclede
72.9%
Linn
72.8%
Reynolds
72.7%
Livingston
72.6%
Moniteau
72.2%
Cooper
72.2%
Wright
72.1%
Dent
71.9%
Chariton
71.8%
Howell
71.8%
Mercer
71.7%
Camden
71.3%
Gentry
70.9%
Dade
70.8%
Sullivan
70.7%
Hickory
70.6%
Barry
70.6%
Caldwell
70.5%
Stoddard
70.2%
Cedar
70%
Bollinger
70%
Shannon
69.7%
Maries
69.1%
Pettis
67.9%
Ripley
67.7%

You're not logged in!

Compare scores with friends on all Sporcle quizzes.
OR
Log In

You Might Also Like...

Show Comments

Extras

Created Jul 2, 2015ReportNominate
Tags:map, missouri, US Counties

Top Quizzes Today


Score Distribution

Your Account Isn't Verified!

In order to create a playlist on Sporcle, you need to verify the email address you used during registration. Go to your Sporcle Settings to finish the process.

Report this User

Report this user for behavior that violates our Community Guidelines.

Details: